000 00490nam a2200193Ia 4500
005 20240327150046.0
008 131103s9999 xx 000 0 und d
040 _aLoreto College
041 _aEnglish
082 _a157
_bMCD
100 _aMcdougall,William,F.R.S
245 3 _aAn Outline of Normal Psychology
_cWilliam Mcdougall,F.R.S.
260 _aLondon
_b[S.N]
_c1926
300 _a580p
504 _aIncludes Index
650 _aPsychology
850 _aLCBED
942 _cBK
999 _c26959
_d77438